000 00545nam a2200217Ia 4500
003 OSt
005 20230317145849.0
008 210423s2007 xx 000 0 und d
040 _cAL
041 _aeng
082 _a541.3
_223
_bSINN
100 _aSINGH (N B);others.
_948563
245 _aPhysical chemistry.
250 _a2
260 _aNew Delhi
_bNew Age International
_c2007
300 _aix,591
365 _b295
_cINR
650 _aPhysical & Theoretical Chemistry
_948564
906 _achemistry. ; Physical
942 _2ddc
_cBK
999 _c153742
_d153742